Cities in Delaware Quiz - Statistics

General Stats
  • This quiz has been taken 28 times
  • The average score is 6 of 10
Answer Stats
Population County/Counties City % Correct
39,403 Kent Dover
95%
70,898 New Castle Wilmington
95%
1,108 Sussex Rehoboth Beach
89%
11,190 Kent/Sussex Milford
68%
30,601 New Castle Newark
68%
3,303 Sussex Lewes
63%
7,957 Sussex Seaford
63%
5,551 New Castle New Castle
58%
3,774 Kent Harrington
26%
1,885 New Castle Delaware City
21%
No matching quizzes found
Score Distribution
Percent of People with Each Score
Percentile by Number Answered
Your Score History
You have not taken this quiz